• 首页
  • 本馆介绍
  • 公告通知
  • 最新文献
  • 馆藏检索
  • 电子资源
  • 读者导购
  • 参考咨询
  • 我的图书馆
  • 登录
  • 详细信息显示
  • 放入我的书架
  • 预约/预借图书
  • 作者相关作品
  • 分类相关作品
  • 丛书相关作品
  • 出版社相关作品

书目信息

  • 表格格式
  • 工作单格式
  • 卡片格式
题名:
电力系统继电保护
    
 
作者: 褚晓锐,郑发平主编
分册:  
出版信息: 北京   中国水利水电出版社  2013
页数: 200页
开本: 26cm
丛书名:
单 册:
中图分类: TM77
科图分类:
主题词: 电力系统--继电保护--高等教育--教材 , 电力系统 , 继电保护
电子资源:
ISBN: 978-7-5170-0360-1
000 00987nam0 2200265 450
001 3444
005 20160926084335.09
010    @a978-7-5170-0360-1@b平装@dCNY28.00
100    @a20130129d2013 em y0chiy50 ea
101 0  @achi
102    @aCN@b110000
105    @ay z 000yy
200 1  @a电力系统继电保护@b专著@f褚晓锐,郑发平主编@9dian li xi tong ji dian bao hu
210    @a北京@c中国水利水电出版社@d2013
215    @a200页@d26cm
300    @a普通高等教育“十二五”规划教材
330    @a本书共分9章,第1章绪论,第2、3、4章分别介绍电网的电流保护、距离保护和输电线路纵联保护,第5章介绍自动重合闸,第6、7、8章分别介绍电力变压器保护、发电机保护和母线保护,第9章介绍数字式继电保护基础。
606 0  @a电力系统@x继电保护@x高等教育@j教材
606 0  @a电力系统
606 0  @a继电保护
690    @aTM77@v5
701    @a@a褚晓锐@f(1977~)@4主编@9chu xiao rui
701    @a@a郑发平@f(1965~)@4主编@9zheng fa ping
801  0 @aCN@b唐山师范学院图书馆@c20151001
905    @aZUCC@dTM77@e39
    
    电力系统继电保护/褚晓锐,郑发平主编.-北京:中国水利水电出版社,2013
    200页;26cm
    普通高等教育“十二五”规划教材
    
    ISBN 978-7-5170-0360-1(平装):CNY28.00
    本书共分9章,第1章绪论,第2、3、4章分别介绍电网的电流保护、距离保护和输电线路纵联保护,第5章介绍自动重合闸,第6、7、8章分别介绍电力变压器保护、发电机保护和母线保护,第9章介绍数字式继电保护基础。
●
相关链接 在E读中查询图书 在五车中查询图书 在当当中查询图书 在豆瓣中查询图书


正题名:电力系统继电保护     索取号:TM77/39         预约/预借

序号 登录号 条形码 馆藏地/架位号 状态 备注
1 905113   209051130   第二样本阅览室/ [索取号:TM77/39] 在馆    
2 905114   209051149   密集书库-物理学院/ [索取号:TM77/39] 在馆    
3 905115   209051158   第三借阅区/ [索取号:TM77/39] 在馆    
4 905116   209051167   第三借阅区/ [索取号:TM77/39] 在馆    
5 905117   209051176   第三借阅区/ [索取号:TM77/39] 在馆    
唐山师范学院图书馆 欢迎您!
大连网信软件有限公司© 版权所有